| 000 | 01164 a2200301 4500 | ||
|---|---|---|---|
| 003 | OSt | ||
| 005 | 20260203103854.0 | ||
| 008 | 120606t xxu||||| |||| 00| 0 eng d | ||
| 010 | _a 85008671 | ||
| 020 | _a0226002403 (pbk.) | ||
| 020 | _a9780226002408 | ||
| 040 | _c0 | ||
| 082 | 0 | 0 | _a720.924 |
| 100 | 1 |
_aAckerman, James S. _934154 |
|
| 245 | 1 | 4 |
_aThe architecture of Michelangelo / _cJames S. Ackerman ; with a catalogue of Michelangelo's works by James S. Ackerman and John Newman. |
| 250 | _a2nd ed. | ||
| 260 |
_aChicago : _bUniversity of Chicago Press, _c1986. |
||
| 300 |
_a363 p. : _bill. ; _c20 cm. |
||
| 500 | _aIncludes index. | ||
| 600 | 0 | 0 |
_aMichelangelo Buonarroti, _d1475-1564. _93974 |
| 650 | 1 | 0 |
_aArchitecture _zItaly. _931824 |
| 650 | 1 | 0 |
_aArchitecture, Renaissance. _932073 |
| 700 | 1 |
_aNewman, John, _d1936- _934155 |
|
| 856 | 4 | 2 |
_3Publisher description _uhttp://www.loc.gov/catdir/enhancements/fy0608/85008671-d.html |
| 856 | 4 | 2 |
_3Table of contents only _uhttp://www.loc.gov/catdir/enhancements/fy0608/85008671-t.html |
| 942 |
_aSADA _cBK _k720.924 ACK 1986 _2ddc |
||
| 999 |
_c353164 _d353164 |
||